Közmondások, szólások Karakószörcsök, Veszprém vármegye /

Elmentve itt :
Bibliográfiai részletek
Szerző: H. Csizmazia Olga
Dokumentumtípus: Cikk
Megjelent: 1936
Sorozat:Acta litterarum ac scientiarum Regiae Universitatis Francisco-Josephinae : sectio philologico-historica
Kulcsszavak:Közmondások - magyar, Szólások - magyar, Nyelvtörténet - magyar
Tárgyszavak:
Online Access:http://acta.bibl.u-szeged.hu/10561
LEADER 00834nab a2200205 i 4500
001 acta10561
005 20240509143359.0
008 161015s1936 hu o 000 hun d
022 |a 0324-5411 
040 |a SZTE Egyetemi Kiadványok Repozitórium  |b hun 
041 |a hun 
100 2 |a H. Csizmazia Olga 
245 1 0 |a Közmondások, szólások   |h [elektronikus dokumentum] :  |b Karakószörcsök, Veszprém vármegye /  |c  H. Csizmazia Olga 
260 |c 1936 
300 |a 78-79 
490 0 |a Acta litterarum ac scientiarum Regiae Universitatis Francisco-Josephinae : sectio philologico-historica 
650 4 |a Bölcsészettudományok 
650 4 |a Nyelvek és irodalom 
695 |a Közmondások - magyar, Szólások - magyar, Nyelvtörténet - magyar 
856 4 0 |u http://acta.bibl.u-szeged.hu/10561/1/philologica_011_078-079.pdf  |z Dokumentum-elérés